Creación de espacios éticos y bioéticos en cotidianidad de instituciones educativas del Quindío : (Registro nro. 19188)

Detalles MARC
000 -CABECERA
Campo de control 01084nam a2200253 a 4500
005 - FECHA Y HORA DE LA ULTIMA TRANSACCION
Campo de control 20161219090453.0
008 - ELEMENTOS DE LONGITUD FIJA—INFORMACION GENERAL
Campo de control 161219s2014 ck |r|||| 00| 0 spa d
020 ## - ISBN
ISBN 9789588593371
040 ## - FUENTE DE CATALOGACIÓN
Agencia catalogadora original CO-BoIAVH
Agencia transcriptora CO-BoIAVH
041 0# - IDIOMA
Código de idioma para texto/pista de sonido o título separado Español
044 ## - PAÍS DE PUBLICACIÓN
País de publicación Colombia
082 04 - NUMERO DE CLASIFICACION DECIMAL DEWEY
Número de clasificación 174.29
Número del ítem B51c
100 1# - ASIENTO PRINCIPAL--NOMBRE PERSONAL
Nombre personal Bernal Escobar, Isabel
Término relacionado autor
9 (RLIN) 77937
245 10 - MENCION DE TITULO
Título Creación de espacios éticos y bioéticos en cotidianidad de instituciones educativas del Quindío :
Parte restante del título Saberes, asuntos y aprendizajes interconectados /
Mención de responsabilidad Isabel Bernal Escobar
260 ## - PUBLICACION, DISTRIBUCION, ETC. (PIE DE IMPRENTA)
Lugar de publicación, distribución, etc. Armenia (Colombia) :
Nombre del editor, distribuidor, etc. Universidad del Quindío,
Fecha de publicación, distribución, etc. 2014.
300 ## - DESCRIPCION FISICA
Extensión 260 páginas ;
Dimensiones 23 x 17 cm.
504 ## - NOTA DE BIBLIOGRAFIA, ETC.
Nota de bibliografía Incluye referencias bibliográficas.
650 26 - ASIENTO SECUNDARIO DE MATERIA - TERMINO TEMATICO
Término temático o nombre geográfico como elemento de entrada Bioética
Subdivisión general Instituciones de educación
Subdivisión geográfica Quindío (Departamento, Colombia)
9 (RLIN) 77944
650 26 - ASIENTO SECUNDARIO DE MATERIA - TERMINO TEMATICO
Término temático o nombre geográfico como elemento de entrada Ética
Subdivisión general Instituciones de educación
Subdivisión geográfica Quindío (Departamento, Colombia)
9 (RLIN) 77945
700 1# - ASIENTO SECUNDARIO - NOMBRE PERSONAL
Nombre personal Carvajal Freese, Ingeborg
Término de relación autor
9 (RLIN) 77938
700 1# - ASIENTO SECUNDARIO - NOMBRE PERSONAL
Nombre personal Curtidor Gutiérrez, Diana Marcela
Término de relación autora
9 (RLIN) 77939
700 1# - ASIENTO SECUNDARIO - NOMBRE PERSONAL
Nombre personal Meneses Carmona, Daniel
Término de relación autor
9 (RLIN) 77946
942 ## - ELEMENTOS ADICIONALES (KOHA)
Sistema de clasificación Dewey Decimal Classification
Tipo de ítem Libro
Existencias
Withdrawn status Lost status Sistema de Clasificación Damaged status No para préstamo Colección Inventariado Ubicación Permanente Ubicación actual Fecha de adquisición Fuente de Valor Valor Total Checkouts Número topográfico Inventario / Código de Barras Date last seen Ejemplar Price effective from Forma de adquisición Tipo de material
    Dewey Decimal Classification     General Inventariado 2017 Bogotá Bogotá 19/12/2016 Instituto 39000.00   LB-174.29 B51c 040877 19/12/2016 Ej. 1 19/12/2016 Donación Libro
    Dewey Decimal Classification     General Inventariado 2017 Sala Fabio Quevedo Sala Fabio Quevedo 20/09/2017 Instituto 39000.00   LB-174.29 B51c 041669 20/09/2017 Ej. 2 20/09/2017 Donación Libro